| 000 | nam a22 a 4500 | ||
|---|---|---|---|
| 999 |
_c182190 _d182190 |
||
| 003 | BLK | ||
| 005 | 20220629111220.0 | ||
| 008 | 180411b bul|||||r ||||||| ||bul|| | ||
| 010 | _aKNG00191113000 | ||
| 040 | _aBLK | ||
| 041 |
_aBUL _cBUL |
||
| 080 |
_aВръзка на капитала с производството _b330.012 _z330.012 |
||
| 100 | 1 |
_aДаскалов, Милко Стефанов _eпърви автор _9342848 |
|
| 139 |
_aНови черти на съвременния империализъм _bН 86 |
||
| 245 | 1 | 0 |
_aНови черти на съвременния империализъм _bИзменения в икономиката на империализма от 60-те години _cМилко Стефанов Даскалов. |
| 257 | _aBGR | ||
| 260 |
_bПартиздат _c1971 _fВ. Търново : Д. Найденов _aСофия |
||
| 300 |
_a116 с. _bс табл. _c25 см |
||
| 380 | _a3 | ||
| 650 | 4 |
_aИмпериализъм _9157098 |
|
| 653 | _aимпериализъм | ||
| 852 | _aЦб 59378 | ||
| 856 | 4 | _qpdf | |
| 856 | 4 | _qpdf | |
| 942 |
_cKNG _n0 _s1 |
||
| 944 |
_aCR _c29.09.2016 _kЛюбка_Николова |
||
| 944 |
_aED _c29.09.2016 _kЛюбка_Николова |
||
| 999 | _d182190 | ||